| 000 | 01009nas a2200313 4500 | ||
|---|---|---|---|
| 001 | BR2012000352 | ||
| 003 | BR-BrBNA | ||
| 005 | 20231205115954.0 | ||
| 007 | ta | ||
| 008 | 230509b bl.|||p| |||| 00| 00por d | ||
| 040 |
_aBR-BrBNA _bpor _cBiblioteca Nacional de Agricultura |
||
| 041 | _a(Pt) | ||
| 072 | _aS40 | ||
| 100 | 1 | _aOttmann, M.M.A. | |
| 100 | 1 | _aFonte, N.N. da | |
| 100 | 1 | _aCardoso, N.A. | |
| 100 | 1 | _aCruz, M.R. da | |
| 245 | 1 | _aQuintais urbanos:agricultura urbana na favela do Parolin, no bairro Fanny e no bairro Lindóia, Curitiba, Paraná | |
| 650 | _aAGRICULTURA | ||
| 650 | _aCIDADE | ||
| 650 | _aPRODUÇÃO DE ALIMENTOS | ||
| 650 | _aPESQUISA | ||
| 650 | _aQUALIDADE DE VIDA | ||
| 650 | _aSEGURANÇA ALIMENTAR | ||
| 650 | _aPOLÍTICA DE DESENVOLVIMENTO | ||
| 773 | 0 |
_tRevista Acadêmica. Ciências Agrárias e Ambientais (Brazil) _xISSN 0103-989X _g(Jan-Mar 2011), v. 9(1) p.101-109 _wBR2012000352 |
|
| 909 |
_a202311 _bLúcia _c55 _dLúcia Elande |
||
| 942 |
_2AGRIS _n0 _cANA |
||
| 999 |
_c216531 _d216531 |
||